[Event "T-Director's Swiss sytem"]
[Site "playchess.com #662980"]
[Date "2014.03.16"]
[Round "2"]
[White "kakdela"]
[Black "Jiiva"]
[Result "1-0"]
[WhiteElo "2404"]
[BlackElo "1925"]
[PlyCount "66"]
[EventDate "2014.03.16"]
[EventType "swiss (blitz)"]

1. e4 {[%emt 0:00:02]} c5 {[%emt 0:00:07]} 2. Nf3 {[%emt 0:00:01]} e6 {[%emt 0:
00:02]} 3. d4 {[%emt 0:00:01]} cxd4 {[%emt 0:00:01]} 4. Nxd4 {[%emt 0:00:00]}
Nf6 {[%emt 0:00:01]} 5. Nc3 {[%emt 0:00:02]} Nc6 {[%emt 0:00:02]} 6. Ndb5 {
[%emt 0:00:15]} Bb4 {[%emt 0:00:03]} 7. a3 {[%emt 0:00:02]} Bxc3+ {[%emt 0:00:
02]} 8. Nxc3 {[%emt 0:00:00]} d5 {[%emt 0:00:01]} 9. Bd3 {[%emt 0:00:02]} d4 {
[%emt 0:00:07]} 10. Ne2 {[%emt 0:00:05]} e5 {[%emt 0:00:06]} 11. O-O {[%emt 0:
00:02]} O-O {[%emt 0:00:11]} 12. Ng3 {[%emt 0:00:03]} Bg4 {[%emt 0:00:05]} 13.
Qe1 {[%emt 0:00:05]} Nd7 {[%emt 0:00:21]} 14. h3 {[%emt 0:00:08]} Be6 {[%emt 0:
00:02]} 15. f4 {[%emt 0:00:01]} exf4 {[%emt 0:00:18]} 16. Bxf4 {[%emt 0:00:00]}
Nc5 {[%emt 0:00:04]} 17. Qf2 {[%emt 0:00:07]} Rc8 {[%emt 0:00:07]} 18. Nh5 {
[%emt 0:00:23]} Nxd3 {[%emt 0:00:12]} 19. cxd3 {[%emt 0:00:00]} Qa5 {[%emt 0:
00:05]} 20. Qh4 {[%emt 0:00:48]} Qb5 {[%emt 0:00:39]} 21. Bh6 {[%emt 0:00:10]}
gxh6 {[%emt 0:00:10]} 22. Rf3 {[%emt 0:00:25]} Qe5 {[%emt 0:00:06]} 23. Nf6+ {
[%emt 0:00:05]} Kg7 {[%emt 0:00:12]} 24. Rg3+ {[%emt 0:00:02]} Qxg3 {[%emt 0:
00:06]} 25. Nh5+ {[%emt 0:00:03]} Kh8 {[%emt 0:00:05]} 26. Qf6+ {[%emt 0:00:10]
} Kg8 {[%emt 0:00:03]} 27. Nxg3 {[%emt 0:00:01]} Rfd8 {[%emt 0:00:04]} 28. Nh5
{[%emt 0:00:03]} Kf8 {[%emt 0:00:01]} 29. Qxh6+ {[%emt 0:00:02]} Ke8 {[%emt 0:
00:02]} 30. Ng7+ {[%emt 0:00:02]} Kd7 {[%emt 0:00:03]} 31. Rc1 {[%emt 0:00:06]}
Ne5 {[%emt 0:00:34]} 32. Rxc8 {[%emt 0:00:03]} Rxc8 {[%emt 0:00:01]} 33. Qf6 {
[%emt 0:00:12]} Nxd3 {[%emt 0:00:04] Jiiva resigns} 1-0

[Event "T-Director's Swiss sytem"]
[Site "playchess.com #662980"]
[Date "2014.03.16"]
[Round "5"]
[White "kakdela"]
[Black "Mr bh6"]
[Result "0-1"]
[WhiteElo "2436"]
[BlackElo "2670"]
[PlyCount "76"]
[EventDate "2014.03.16"]
[EventType "swiss (blitz)"]

1. e4 {[%emt 0:00:02]} e5 {[%emt 0:00:02]} 2. Nf3 {[%emt 0:00:01]} Nc6 {[%emt
0:00:03]} 3. Bb5 {[%emt 0:00:01]} a6 {[%emt 0:00:02]} 4. Ba4 {[%emt 0:00:02]}
Nf6 {[%emt 0:00:03]} 5. O-O {[%emt 0:00:01]} b5 {[%emt 0:00:02]} 6. Bb3 {[%emt
0:00:02]} Be7 {[%emt 0:00:00]} 7. d3 {[%emt 0:00:01]} d6 {[%emt 0:00:05]} 8. a4
{[%emt 0:00:04]} Bb7 {[%emt 0:00:15]} 9. Be3 {[%emt 0:00:20]} O-O {[%emt 0:00:
05]} 10. c3 {[%emt 0:00:03]} d5 {[%emt 0:00:04]} 11. axb5 {[%emt 0:00:11]} axb5
{[%emt 0:00:04]} 12. Rxa8 {[%emt 0:00:00]} Bxa8 {[%emt 0:00:01]} 13. Nbd2 {
[%emt 0:00:02]} h6 {[%emt 0:00:19]} 14. Re1 {[%emt 0:00:05]} d4 {[%emt 0:00:09]
} 15. cxd4 {[%emt 0:00:02]} exd4 {[%emt 0:00:00]} 16. Bf4 {[%emt 0:00:01]} Nd7
{[%emt 0:00:03]} 17. h3 {[%emt 0:00:12]} Bb4 {[%emt 0:00:07]} 18. Qc2 {[%emt 0:
00:05]} Be7 {[%emt 0:00:25]} 19. Qb1 {[%emt 0:00:22]} Nc5 {[%emt 0:00:07]} 20.
Bc2 {[%emt 0:00:10]} Ne6 {[%emt 0:00:01]} 21. Bh2 {[%emt 0:00:07]} Nb4 {[%emt
0:00:12]} 22. Bb3 {[%emt 0:00:08]} Nc5 {[%emt 0:00:04]} 23. Bc2 {[%emt 0:00:01]
} Ne6 {[%emt 0:00:06]} 24. Rc1 {[%emt 0:00:05]} Bd6 {[%emt 0:00:05]} 25. Bb3 {
[%emt 0:00:06]} Nc5 {[%emt 0:00:05]} 26. Bc2 {[%emt 0:00:20]} Bxh2+ {[%emt 0:
00:08]} 27. Nxh2 {[%emt 0:00:01]} f5 {[%emt 0:00:00]} 28. Nb3 {[%emt 0:00:11]}
Nbxd3 {[%emt 0:00:14]} 29. Bxd3 {[%emt 0:00:09]} Nxb3 {[%emt 0:00:13]} 30. Qa2
{[%emt 0:00:06]} Bd5 {[%emt 0:00:05]} 31. Rd1 {[%emt 0:00:25]} fxe4 {[%emt 0:
00:13]} 32. Bxe4 {[%emt 0:00:01]} Bc4 {[%emt 0:00:07]} 33. Qa3 {[%emt 0:00:14]}
c5 {[%emt 0:00:15]} 34. Bc2 {[%emt 0:00:07]} Qd5 {[%emt 0:00:12]} 35. Nf3 {
[%emt 0:00:19]} Rxf3 {[%emt 0:00:09]} 36. gxf3 {[%emt 0:00:03]} d3 {[%emt 0:00:
01]} 37. Bxb3 {[%emt 0:00:12]} Bxb3 {[%emt 0:00:05]} 38. Ra1 {[%emt 0:00:03]}
d2 {[%emt 0:00:06] kakdela resigns} 0-1

[Event "T-Director's Swiss sytem"]
[Site "playchess.com #662980"]
[Date "2014.03.16"]
[Round "7"]
[White "kakdela"]
[Black "Papadosor"]
[Result "1-0"]
[WhiteElo "2433"]
[BlackElo "2379"]
[PlyCount "77"]
[EventDate "2014.03.16"]
[EventType "swiss (blitz)"]

1. e4 {[%emt 0:00:02]} e6 {[%emt 0:00:01]} 2. d4 {[%emt 0:00:02]} d5 {[%emt 0:
00:01]} 3. Nc3 {[%emt 0:00:01]} Nf6 {[%emt 0:00:01]} 4. e5 {[%emt 0:00:01]}
Nfd7 {[%emt 0:00:01]} 5. Qg4 {[%emt 0:00:01]} c5 {[%emt 0:00:04]} 6. dxc5 {
[%emt 0:00:01]} Nxe5 {[%emt 0:00:06]} 7. Qg3 {[%emt 0:00:01]} Ng6 {[%emt 0:00:
04]} 8. Nb5 {[%emt 0:00:03]} Na6 {[%emt 0:00:09]} 9. h4 {[%emt 0:00:06]} Bxc5 {
[%emt 0:00:24]} 10. h5 {[%emt 0:00:07]} Ne7 {[%emt 0:00:11]} 11. Qxg7 {[%emt 0:
00:05]} Rg8 {[%emt 0:00:06]} 12. Qxh7 {[%emt 0:00:09]} Bd7 {[%emt 0:00:10]} 13.
Qd3 {[%emt 0:00:16]} Qb6 {[%emt 0:00:08]} 14. Qe2 {[%emt 0:00:12]} O-O-O {
[%emt 0:00:12]} 15. Nh3 {[%emt 0:00:10]} Nb4 {[%emt 0:00:21]} 16. a4 {[%emt 0:
00:08]} a6 {[%emt 0:00:07]} 17. Na3 {[%emt 0:00:19]} Nf5 {[%emt 0:00:05]} 18.
c3 {[%emt 0:00:07]} Nc6 {[%emt 0:00:07]} 19. b4 {[%emt 0:00:01]} Nxb4 {[%emt 0:
00:09]} 20. cxb4 {[%emt 0:00:06]} Bxb4+ {[%emt 0:00:01]} 21. Bd2 {[%emt 0:00:
03]} Nd4 {[%emt 0:00:11]} 22. Qd3 {[%emt 0:00:05]} Bxd2+ {[%emt 0:00:17]} 23.
Qxd2 {[%emt 0:00:05]} Bxa4 {[%emt 0:00:07]} 24. Rb1 {[%emt 0:00:10]} Qa7 {
[%emt 0:00:18]} 25. Rb4 {[%emt 0:00:11]} Rg4 {[%emt 0:00:14]} 26. f3 {[%emt 0:
00:10]} Rh4 {[%emt 0:00:33]} 27. Rxa4 {[%emt 0:00:18]} Nxf3+ {[%emt 0:00:03]}
28. gxf3 {[%emt 0:00:01]} Rxa4 {[%emt 0:00:01]} 29. Qc2+ {[%emt 0:00:01]} Kb8 {
[%emt 0:00:03]} 30. Qxa4 {[%emt 0:00:02]} Qe3+ {[%emt 0:00:01]} 31. Be2 {[%emt
0:00:06]} Rc8 {[%emt 0:00:16]} 32. Nf2 {[%emt 0:00:06]} d4 {[%emt 0:00:16]
Papadosor offers a draw} 33. Nd3 {[%emt 0:00:33]} Rc3 {[%emt 0:00:41]} 34. Nc2
{[%emt 0:00:08]} Qh6 {[%emt 0:00:02]} 35. Nxd4 {[%emt 0:00:28]} e5 {[%emt 0:00:
16]} 36. Qe8+ {[%emt 0:00:18]} Ka7 {[%emt 0:00:02]} 37. Qxe5 {[%emt 0:00:02]}
Qb6 {[%emt 0:00:16]} 38. Nb5+ {[%emt 0:00:05]} axb5 {[%emt 0:00:02]} 39. Qxc3 {
[%emt 0:00:00] Papadosor resigns} 1-0

[Event "T-Director's Swiss sytem"]
[Site "playchess.com #662980"]
[Date "2014.03.16"]
[Round "2"]
[White "lara12apr"]
[Black "FMGracz"]
[Result "0-1"]
[WhiteElo "1757"]
[BlackElo "2129"]
[PlyCount "68"]
[EventDate "2014.03.16"]
[EventType "swiss (blitz)"]

1. d4 {[%emt 0:00:02]} d5 {[%emt 0:00:02]} 2. c4 {[%emt 0:00:01]} dxc4 {[%emt
0:00:02]} 3. e4 {[%emt 0:00:03]} b5 {[%emt 0:00:10]} 4. a4 {[%emt 0:00:16]} Bb7
{[%emt 0:00:03]} 5. axb5 {[%emt 0:00:14]} Bxe4 {[%emt 0:00:02]} 6. Nf3 {[%emt
0:00:18]} Nf6 {[%emt 0:00:04]} 7. Nc3 {[%emt 0:00:01]} Bb7 {[%emt 0:00:03]} 8.
Bxc4 {[%emt 0:00:03]} e6 {[%emt 0:00:01]} 9. O-O {[%emt 0:00:07]} Be7 {[%emt 0:
00:00]} 10. Bf4 {[%emt 0:00:02]} a6 {[%emt 0:00:04]} 11. Qd3 {[%emt 0:00:24]}
axb5 {[%emt 0:00:06]} 12. Bxb5+ {[%emt 0:00:07]} c6 {[%emt 0:00:01]} 13. Bc4 {
[%emt 0:00:10]} Nbd7 {[%emt 0:00:02]} 14. Ne4 {[%emt 0:00:06]} Nb6 {[%emt 0:00:
09]} 15. Nc5 {[%emt 0:00:07]} Rxa1 {[%emt 0:00:22]} 16. Rxa1 {[%emt 0:00:03]}
Bc8 {[%emt 0:00:04]} 17. Qb3 {[%emt 0:00:15]} O-O {[%emt 0:00:12]} 18. Ra7 {
[%emt 0:00:04]} Nxc4 {[%emt 0:00:17]} 19. Qxc4 {[%emt 0:00:10]} Nd5 {[%emt 0:
00:02]} 20. Bg3 {[%emt 0:00:05]} Qb6 {[%emt 0:00:02]} 21. Ra2 {[%emt 0:00:07]}
Rd8 {[%emt 0:00:11]} 22. h3 {[%emt 0:00:02]} Nb4 {[%emt 0:00:02]} 23. Ra1 {
[%emt 0:00:07]} h6 {[%emt 0:00:04]} 24. Ne1 {[%emt 0:00:28]} Bf6 {[%emt 0:00:
08]} 25. Nc2 {[%emt 0:00:05]} Nxc2 {[%emt 0:00:06]} 26. Qxc2 {[%emt 0:00:02]}
Bxd4 {[%emt 0:00:01]} 27. Ne4 {[%emt 0:00:07]} Qxb2 {[%emt 0:00:07]} 28. Qxb2 {
[%emt 0:00:07]} Bxb2 {[%emt 0:00:02]} 29. Rb1 {[%emt 0:00:01]} Bd4 {[%emt 0:00:
02]} 30. Kh2 {[%emt 0:00:05]} e5 {[%emt 0:00:05]} 31. Rd1 {[%emt 0:00:04]} Be6
{[%emt 0:00:03]} 32. Bxe5 {[%emt 0:00:05]} Bxe5+ {[%emt 0:00:01]} 33. g3 {
[%emt 0:00:07]} Rxd1 {[%emt 0:00:01]} 34. Nc5 {[%emt 0:00:02]} Bd5 {[%emt 0:00:
01] lara12apr resigns} 0-1

[Event "T-Director's Swiss sytem"]
[Site "playchess.com #662980"]
[Date "2014.03.16"]
[Round "3"]
[White "lara12apr"]
[Black "Thej"]
[Result "0-1"]
[WhiteElo "1753"]
[BlackElo "2274"]
[PlyCount "40"]
[EventDate "2014.03.16"]
[EventType "swiss (blitz)"]

1. e4 {[%emt 0:00:09]} c6 {[%emt 0:00:02]} 2. Nc3 {[%emt 0:00:22]} d5 {[%emt 0:
00:04]} 3. exd5 {[%emt 0:00:12]} cxd5 {[%emt 0:00:03]} 4. d4 {[%emt 0:00:05]}
Nf6 {[%emt 0:00:03]} 5. Nf3 {[%emt 0:00:11]} Nc6 {[%emt 0:00:04]} 6. Bb5 {
[%emt 0:00:22]} Bg4 {[%emt 0:00:06]} 7. O-O {[%emt 0:00:09]} e6 {[%emt 0:00:03]
} 8. h3 {[%emt 0:00:07]} Bh5 {[%emt 0:00:04]} 9. Bg5 {[%emt 0:00:09]} Be7 {
[%emt 0:00:06]} 10. Qd3 {[%emt 0:00:18]} O-O {[%emt 0:00:04]} 11. a3 {[%emt 0:
00:14]} Bxf3 {[%emt 0:00:04]} 12. gxf3 {[%emt 0:00:07]} Nh5 {[%emt 0:00:07]}
13. Be3 {[%emt 0:00:14]} Bd6 {[%emt 0:00:06]} 14. Kh1 {[%emt 0:00:12]} Qh4 {
[%emt 0:00:05]} 15. Kg2 {[%emt 0:00:10]} Ne7 {[%emt 0:00:03]} 16. Qd2 {[%emt 0:
00:11]} Ng6 {[%emt 0:00:08]} 17. Bg5 {[%emt 0:00:03]} Ngf4+ {[%emt 0:00:04]}
18. Bxf4 {[%emt 0:00:29]} Nxf4+ {[%emt 0:00:04]} 19. Kh1 {[%emt 0:00:07]} Qxh3+
{[%emt 0:00:04]} 20. Kg1 {[%emt 0:00:23]} Qg2# {[%emt 0:00:04]} 0-1

[Event "T-Director's Swiss sytem"]
[Site "playchess.com #662980"]
[Date "2014.03.16"]
[Round "5"]
[White "marcounet06"]
[Black "Alphabeta"]
[Result "0-1"]
[WhiteElo "1649"]
[BlackElo "1738"]
[PlyCount "48"]
[EventDate "2014.03.16"]
[EventType "swiss (blitz)"]

1. e4 {[%emt 0:00:03]} c5 {[%emt 0:00:01]} 2. Nf3 {[%emt 0:00:01]} d6 {[%emt 0:
00:00]} 3. d4 {[%emt 0:00:02]} cxd4 {[%emt 0:00:00]} 4. Qxd4 {[%emt 0:00:01]}
Bd7 {[%emt 0:00:02]} 5. Nc3 {[%emt 0:00:03]} Nc6 {[%emt 0:00:01]} 6. Qe3 {
[%emt 0:00:17]} Nf6 {[%emt 0:00:01]} 7. Bd2 {[%emt 0:00:02]} g6 {[%emt 0:00:03]
} 8. O-O-O {[%emt 0:00:07]} Bg7 {[%emt 0:00:04]} 9. Bb5 {[%emt 0:00:09]} O-O {
[%emt 0:00:02]} 10. Bxc6 {[%emt 0:00:07]} bxc6 {[%emt 0:00:07]} 11. Nd4 {[%emt
0:00:02]} Ng4 {[%emt 0:00:06]} 12. Qd3 {[%emt 0:00:28]} Nxf2 {[%emt 0:00:03]}
13. Qe3 {[%emt 0:00:04]} Nxh1 {[%emt 0:00:08]} 14. Rxh1 {[%emt 0:00:02]} Rb8 {
[%emt 0:00:04]} 15. h4 {[%emt 0:00:05]} h5 {[%emt 0:00:04]} 16. Nb3 {[%emt 0:
00:09]} a5 {[%emt 0:00:06]} 17. a4 {[%emt 0:00:03]} Be6 {[%emt 0:00:06]} 18.
Nd4 {[%emt 0:00:05]} Qd7 {[%emt 0:00:04]} 19. Nce2 {[%emt 0:00:16]} c5 {[%emt
0:00:05]} 20. Nb5 {[%emt 0:00:05]} Rxb5 {[%emt 0:00:08]} 21. axb5 {[%emt 0:00:
02]} Qxb5 {[%emt 0:00:01]} 22. Nc3 {[%emt 0:00:06]} Qc4 {[%emt 0:00:17]} 23.
Re1 {[%emt 0:00:15]} a4 {[%emt 0:00:06]} 24. Qd3 {[%emt 0:00:11]} Ra8 {[%emt 0:
00:09] Alphabeta claims flag (automatic).} 0-1

[Event "T-Director's Swiss sytem"]
[Site "playchess.com #662980"]
[Date "2014.03.16"]
[Round "3"]
[White "marcounet06"]
[Black "Kpakpa"]
[Result "1-0"]
[WhiteElo "1518"]
[BlackElo "1377"]
[PlyCount "87"]
[EventDate "2014.03.16"]
[EventType "swiss (blitz)"]

1. e4 {[%emt 0:00:03]} e5 {[%emt 0:00:02]} 2. d4 {[%emt 0:00:03]} exd4 {[%emt
0:00:03]} 3. Qxd4 {[%emt 0:00:04]} Nc6 {[%emt 0:00:02]} 4. Qe3 {[%emt 0:00:02]}
Be7 {[%emt 0:00:04]} 5. Nc3 {[%emt 0:00:04]} d6 {[%emt 0:00:07]} 6. Bd2 {[%emt
0:00:03]} Be6 {[%emt 0:00:03]} 7. f4 {[%emt 0:00:06]} Nf6 {[%emt 0:00:05]} 8.
h3 {[%emt 0:00:04]} a6 {[%emt 0:00:18]} 9. O-O-O {[%emt 0:00:03]} Nb4 {[%emt 0:
00:07]} 10. Kb1 {[%emt 0:00:05]} d5 {[%emt 0:00:32]} 11. Bc1 {[%emt 0:00:33]}
c6 {[%emt 0:00:15]} 12. a3 {[%emt 0:00:06]} Qa5 {[%emt 0:00:12]} 13. axb4 {
[%emt 0:00:12]} Qxb4 {[%emt 0:00:06]} 14. e5 {[%emt 0:00:14]} Nd7 {[%emt 0:00:
13]} 15. Qd4 {[%emt 0:00:23]} Qa5 {[%emt 0:00:09]} 16. Qa4 {[%emt 0:00:05]} Qb6
{[%emt 0:00:10]} 17. Nf3 {[%emt 0:00:16]} Nc5 {[%emt 0:00:04]} 18. Qd4 {[%emt
0:00:14]} a5 {[%emt 0:00:03]} 19. g4 {[%emt 0:00:24]} a4 {[%emt 0:00:04]} 20.
f5 {[%emt 0:00:05]} Bd7 {[%emt 0:00:07]} 21. f6 {[%emt 0:00:09]} gxf6 {[%emt 0:
00:13]} 22. exf6 {[%emt 0:00:03]} Bd6 {[%emt 0:00:02]} 23. Bc4 {[%emt 0:00:21]}
Be6 {[%emt 0:00:05]} 24. Ng5 {[%emt 0:00:17]} Qc7 {[%emt 0:00:04]} 25. Nxe6 {
[%emt 0:00:03]} fxe6 {[%emt 0:00:04]} 26. f7+ {[%emt 0:00:06]} Kd7 {[%emt 0:00:
07]} 27. Rhe1 {[%emt 0:00:38]} dxc4 {[%emt 0:00:05]} 28. Bf4 {[%emt 0:00:14]}
a3 {[%emt 0:00:17]} 29. Qxd6+ {[%emt 0:00:04]} Qxd6 {[%emt 0:00:05]} 30. Bxd6 {
[%emt 0:00:02]} Na6 {[%emt 0:00:29]} 31. Bxa3+ {[%emt 0:00:05]} Kc7 {[%emt 0:
00:04]} 32. Rxe6 {[%emt 0:00:04]} b5 {[%emt 0:00:06]} 33. Re7+ {[%emt 0:00:05]}
Kb6 {[%emt 0:00:04]} 34. Bd6 {[%emt 0:00:03]} b4 {[%emt 0:00:03]} 35. Na4+ {
[%emt 0:00:02]} Kb5 {[%emt 0:00:03]} 36. b3 {[%emt 0:00:02]} Rhf8 {[%emt 0:00:
11]} 37. Re5+ {[%emt 0:00:07]} c5 {[%emt 0:00:08]} 38. Bxf8 {[%emt 0:00:04]}
Rxf8 {[%emt 0:00:02]} 39. Rf1 {[%emt 0:00:02]} cxb3 {[%emt 0:00:09]} 40. cxb3 {
[%emt 0:00:02]} Nc7 {[%emt 0:00:07]} 41. Rxc5+ {[%emt 0:00:04]} Ka6 {[%emt 0:
00:09]} 42. Rxc7 {[%emt 0:00:01]} Kb5 {[%emt 0:00:02]} 43. Rf6 {[%emt 0:00:04]}
h6 {[%emt 0:00:05]} 44. Rc5# {[%emt 0:00:04]} 1-0

[Event "T-Director's Swiss sytem"]
[Site "playchess.com #662980"]
[Date "2014.03.16"]
[Round "8"]
[White "marcounet06"]
[Black "Zngor"]
[Result "1-0"]
[WhiteElo "1542"]
[BlackElo "1674"]
[PlyCount "51"]
[EventDate "2014.03.16"]
[EventType "swiss (blitz)"]

1. e4 {[%emt 0:00:03]} c6 {[%emt 0:00:02]} 2. d4 {[%emt 0:00:06]} d5 {[%emt 0:
00:02]} 3. f3 {[%emt 0:00:17]} e6 {[%emt 0:00:04]} 4. Nc3 {[%emt 0:00:06]} Nf6
{[%emt 0:00:02]} 5. Be3 {[%emt 0:00:14]} Be7 {[%emt 0:00:13]} 6. Qd2 {[%emt 0:
00:06]} O-O {[%emt 0:00:12]} 7. O-O-O {[%emt 0:00:10]} b6 {[%emt 0:00:02]} 8.
g4 {[%emt 0:00:04]} Ba6 {[%emt 0:00:07]} 9. h4 {[%emt 0:00:07]} Bxf1 {[%emt 0:
00:19]} 10. Rxf1 {[%emt 0:00:25]} c5 {[%emt 0:00:09]} 11. g5 {[%emt 0:00:07]}
cxd4 {[%emt 0:00:12]} 12. Bxd4 {[%emt 0:00:14]} Nh5 {[%emt 0:00:02]} 13. Nge2 {
[%emt 0:00:15]} Nc6 {[%emt 0:00:12]} 14. Be3 {[%emt 0:00:15]} d4 {[%emt 0:00:
27]} 15. Nxd4 {[%emt 0:00:28]} Nxd4 {[%emt 0:00:04]} 16. Bxd4 {[%emt 0:00:06]}
Ng3 {[%emt 0:00:03]} 17. Rhg1 {[%emt 0:00:05]} Nxf1 {[%emt 0:00:02]} 18. Rxf1 {
[%emt 0:00:02]} Bc5 {[%emt 0:00:05]} 19. Bxc5 {[%emt 0:00:20]} Qxd2+ {[%emt 0:
00:02]} 20. Kxd2 {[%emt 0:00:05]} Rfd8+ {[%emt 0:00:02]} 21. Ke3 {[%emt 0:00:
15]} bxc5 {[%emt 0:00:02]} 22. b3 {[%emt 0:00:12]} g6 {[%emt 0:00:15]} 23. Nb5
{[%emt 0:00:22]} a6 {[%emt 0:00:12]} 24. Nc3 {[%emt 0:00:39]} Rac8 {[%emt 0:00:
06]} 25. f4 {[%emt 0:00:14]} c4 {[%emt 0:00:08]} 26. b4 {[%emt 0:00:37] Time}
1-0

[Event "T-Director's Swiss sytem"]
[Site "playchess.com #662980"]
[Date "2014.03.16"]
[Round "9"]
[White "mariofad"]
[Black "adamavi"]
[Result "1-0"]
[WhiteElo "1444"]
[BlackElo "1418"]
[PlyCount "61"]
[EventDate "2014.03.16"]
[EventType "swiss (blitz)"]

{White restart ok.} 1. e4 {[%emt 0:00:03]} c6 {[%emt 0:00:07]} 2. d4 {[%emt 0:
00:02]} d5 {[%emt 0:00:03]} 3. e5 {[%emt 0:00:01]} c5 {[%emt 0:00:03]} 4. c3 {
[%emt 0:00:02]} e6 {[%emt 0:00:07]} 5. Nf3 {[%emt 0:00:01]} Qb6 {[%emt 0:00:06]
} 6. a3 {[%emt 0:00:02]} Bd7 {[%emt 0:00:08]} 7. Be2 {[%emt 0:00:02]} Bb5 {
[%emt 0:00:05]} 8. O-O {[%emt 0:00:04]} Bxe2 {[%emt 0:00:11]} 9. Qxe2 {[%emt 0:
00:01]} Nc6 {[%emt 0:00:05]} 10. b4 {[%emt 0:00:01]} cxd4 {[%emt 0:00:19]} 11.
cxd4 {[%emt 0:00:01]} Nge7 {[%emt 0:00:20]} 12. Bb2 {[%emt 0:00:02]} Ng6 {
[%emt 0:00:05]} 13. Rd1 {[%emt 0:00:01]} Be7 {[%emt 0:00:02]} 14. Nc3 {[%emt 0:
00:13]} O-O {[%emt 0:00:06]} 15. Na4 {[%emt 0:00:05]} Nf4 {[%emt 0:00:45]} 16.
Qd2 {[%emt 0:00:20]} Qb5 {[%emt 0:00:05]} 17. Nc3 {[%emt 0:00:10]} Qa6 {[%emt
0:00:51]} 18. Qxf4 {[%emt 0:00:05]} b5 {[%emt 0:00:11]} 19. Nd2 {[%emt 0:00:33]
} Rac8 {[%emt 0:00:07]} 20. Nb3 {[%emt 0:00:04]} Qb6 {[%emt 0:00:23]} 21. Qd2 {
[%emt 0:00:04]} h6 {[%emt 0:00:06]} 22. Qd3 {[%emt 0:00:12]} a6 {[%emt 0:00:07]
} 23. Nc5 {[%emt 0:00:04]} Rfd8 {[%emt 0:00:06]} 24. Rdb1 {[%emt 0:00:43]} Bf8
{[%emt 0:00:22]} 25. Bc1 {[%emt 0:00:02]} Ne7 {[%emt 0:00:08]} 26. Be3 {[%emt
0:00:02]} Nf5 {[%emt 0:00:03]} 27. a4 {[%emt 0:00:02]} Nxe3 {[%emt 0:00:10]}
28. fxe3 {[%emt 0:00:02]} Rb8 {[%emt 0:00:11]} 29. axb5 {[%emt 0:00:11]} axb5 {
[%emt 0:00:02]} 30. Ra6 {[%emt 0:00:04]} Qc7 {[%emt 0:00:15]} 31. Nxb5 {[%emt
0:00:05] adamavi resigns} 1-0

[Event "T-Director's Swiss sytem"]
[Site "playchess.com #662980"]
[Date "2014.03.16"]
[Round "1"]
[White "pikaboom"]
[Black "Rkem71"]
[Result "0-1"]
[WhiteElo "2044"]
[BlackElo "1450"]
[PlyCount "32"]
[EventDate "2014.03.16"]
[EventType "swiss (blitz)"]

1. e4 {[%emt 0:00:06]} c5 {[%emt 0:00:04]} 2. Nf3 {[%emt 0:00:02]} e6 {[%emt 0:
00:04]} 3. d4 {[%emt 0:00:08]} cxd4 {[%emt 0:00:03] pikaboom reconnected.} 4.
Nxd4 {[%emt 0:00:20]} Nc6 {[%emt 0:00:00]} 5. Nc3 {[%emt 0:00:02]} Nf6 {[%emt
0:00:03]} 6. Be3 {[%emt 0:00:02]} Bb4 {[%emt 0:00:02]} 7. Bd3 {[%emt 0:00:03]}
O-O {[%emt 0:00:08]} 8. O-O {[%emt 0:00:02]} d5 {[%emt 0:00:01]} 9. Nxc6 {
[%emt 0:00:05]} bxc6 {[%emt 0:00:03]} 10. e5 {[%emt 0:00:05]} Nd7 {[%emt 0:00:
07]} 11. f4 {[%emt 0:00:06]} c5 {[%emt 0:00:03]} 12. Nb5 {[%emt 0:00:14]} c4 {
[%emt 0:00:16]} 13. Be2 {[%emt 0:00:05]} f6 {[%emt 0:00:18]} 14. Nd4 {[%emt 0:
00:05]} Qe8 {[%emt 0:00:49]} 15. Bf3 {[%emt 0:00:16]} fxe5 {[%emt 0:00:14]} 16.
Nxe6 {[%emt 0:00:06] pikaboom reconnected.} Kh8 {[%emt 0:01:37] Arbiter
Decision (Disconnect), 0} 0-1

[Event "T-Director's Swiss sytem"]
[Site "playchess.com #662980"]
[Date "2014.03.16"]
[Round "3"]
[White "quicksilver2"]
[Black "Skobac"]
[Result "1-0"]
[WhiteElo "2001"]
[BlackElo "1690"]
[PlyCount "117"]
[EventDate "2014.03.16"]
[EventType "swiss (blitz)"]

1. e4 {[%emt 0:00:02]} c5 {[%emt 0:00:02]} 2. Nc3 {[%emt 0:00:01]} d6 {[%emt 0:
00:01]} 3. f4 {[%emt 0:00:01]} g6 {[%emt 0:00:05]} 4. Bc4 {[%emt 0:00:01]} Bg7
{[%emt 0:00:02]} 5. Nf3 {[%emt 0:00:01]} e6 {[%emt 0:00:04]} 6. f5 {[%emt 0:00:
02]} exf5 {[%emt 0:00:41]} 7. O-O {[%emt 0:00:07]} Nh6 {[%emt 0:00:14]} 8. d3 {
[%emt 0:00:04]} O-O {[%emt 0:00:08]} 9. Nd5 {[%emt 0:00:03]} fxe4 {[%emt 0:00:
31]} 10. dxe4 {[%emt 0:00:03]} Bg4 {[%emt 0:00:08]} 11. h3 {[%emt 0:00:07]}
Bxf3 {[%emt 0:00:26]} 12. Qxf3 {[%emt 0:00:02]} Nc6 {[%emt 0:00:39]} 13. Bf4 {
[%emt 0:00:52]} Nd4 {[%emt 0:00:12]} 14. Qf2 {[%emt 0:00:08]} Ne6 {[%emt 0:00:
14]} 15. c3 {[%emt 0:00:06]} Kh8 {[%emt 0:00:20]} 16. Rad1 {[%emt 0:00:04]}
Nxf4 {[%emt 0:00:08]} 17. Qxf4 {[%emt 0:00:04]} f5 {[%emt 0:00:08]} 18. Ne3 {
[%emt 0:00:15]} fxe4 {[%emt 0:00:31]} 19. Qxd6 {[%emt 0:00:01]} Rxf1+ {[%emt 0:
00:14]} 20. Kxf1 {[%emt 0:00:00]} Qf8+ {[%emt 0:00:17]} 21. Qxf8+ {[%emt 0:00:
04]} Rxf8+ {[%emt 0:00:02]} 22. Ke2 {[%emt 0:00:00]} Nf5 {[%emt 0:00:02]} 23.
Nxf5 {[%emt 0:00:03]} gxf5 {[%emt 0:00:01]} 24. Rd7 {[%emt 0:00:02]} f4 {[%emt
0:00:04]} 25. Bd5 {[%emt 0:00:04]} f3+ {[%emt 0:00:17]} 26. gxf3 {[%emt 0:00:
02]} exf3+ {[%emt 0:00:00]} 27. Bxf3 {[%emt 0:00:01]} Re8+ {[%emt 0:00:01]} 28.
Kd3 {[%emt 0:00:02]} Bh6 {[%emt 0:00:03]} 29. Be4 {[%emt 0:00:01]} Bg7 {[%emt
0:00:01]} 30. Rxb7 {[%emt 0:00:04]} Rd8+ {[%emt 0:00:00]} 31. Kc2 {[%emt 0:00:
04]} c4 {[%emt 0:00:08]} 32. Rxa7 {[%emt 0:00:03]} h6 {[%emt 0:00:01]} 33. Ra8
{[%emt 0:00:01]} Rxa8 {[%emt 0:00:07]} 34. Bxa8 {[%emt 0:00:01]} Be5 {[%emt 0:
00:03]} 35. Bd5 {[%emt 0:00:01]} Kg7 {[%emt 0:00:00]} 36. Bxc4 {[%emt 0:00:01]}
Kf6 {[%emt 0:00:00]} 37. Kd3 {[%emt 0:00:01]} Kg5 {[%emt 0:00:04]} 38. b4 {
[%emt 0:00:01]} Kf4 {[%emt 0:00:04]} 39. a4 {[%emt 0:00:02]} Kg3 {[%emt 0:00:
04]} 40. Be6 {[%emt 0:00:01]} Kf4 {[%emt 0:00:02]} 41. a5 {[%emt 0:00:03]} Bb8
{[%emt 0:00:03]} 42. Kc4 {[%emt 0:00:02]} Ke5 {[%emt 0:00:01]} 43. Bc8 {[%emt
0:00:02]} Ke4 {[%emt 0:00:04]} 44. Kb5 {[%emt 0:00:01]} Kd3 {[%emt 0:00:02]}
45. c4 {[%emt 0:00:00]} Kd4 {[%emt 0:00:02]} 46. c5 {[%emt 0:00:02]} h5 {[%emt
0:00:01]} 47. Kc6 {[%emt 0:00:03]} h4 {[%emt 0:00:01]} 48. b5 {[%emt 0:00:01]}
Kc4 {[%emt 0:00:01]} 49. b6 {[%emt 0:00:01]} Kb4 {[%emt 0:00:01]} 50. a6 {
[%emt 0:00:01]} Kc4 {[%emt 0:00:10]} 51. a7 {[%emt 0:00:01]} Bxa7 {[%emt 0:00:
01]} 52. bxa7 {[%emt 0:00:01]} Kd4 {[%emt 0:00:00]} 53. a8=Q {[%emt 0:00:01]}
Ke5 {[%emt 0:00:01]} 54. Qa4 {[%emt 0:00:01]} Kf6 {[%emt 0:00:01]} 55. Kd6 {
[%emt 0:00:01]} Kg5 {[%emt 0:00:01]} 56. Ke6 {[%emt 0:00:04]} Kg6 {[%emt 0:00:
03]} 57. Qg4+ {[%emt 0:00:02]} Kh7 {[%emt 0:00:02]} 58. Kf7 {[%emt 0:00:01]}
Kh6 {[%emt 0:00:03]} 59. Qxh4# {[%emt 0:00:00]} 1-0